| 000 | 01560nam a2200409Ii 4500 | ||
|---|---|---|---|
| 001 | DIGDYK0629 | ||
| 003 | NyNyDIG | ||
| 006 | m o d | ||
| 007 | cr ||||||||||| | ||
| 008 | 220914s2013 sp o 000 0 spa d | ||
| 035 | _a(OCoLC)876738855 | ||
| 040 |
_aDGITA _beng _erda _epn _cDGITA |
||
| 020 |
_a9788490318157 _qpdf |
||
| 020 | _z9788490317556 | ||
| 050 | 1 | 4 | _aK3165 ebook |
| 100 | 1 |
_aSerra, Francisco, _eauthor. |
|
| 245 | 1 | 3 |
_aEl derecho en la época constitucional : _bun ensayo de interpretación / _cFrancisco Serra Giménez. |
| 264 | 1 |
_aMadrid : _bEditorial Dykinson, S.L., _c2013. |
|
| 300 | _a1 online resource. | ||
| 336 |
_atext _btxt _2rdacontent |
||
| 337 |
_acomputer _bc _2rdamedia |
||
| 338 |
_aonline resource _bcr _2rdacarrier |
||
| 347 |
_atext file _2rdaft |
||
| 347 | _bPDF | ||
| 490 | 1 | _aColección Clásicos Dykinson. Serie Estudios | |
| 588 | 0 | _aOnline resource; title from PDF title page (Digitalia, viewed September 14, 2022) | |
| 650 | 0 | _aConstitutional law. | |
| 650 | 0 |
_aLaw _xInterpretation and construction. |
|
| 655 | 0 | _aElectronic books. | |
| 791 | 2 |
_aDigitalia (Firm), _edistributor. |
|
| 793 | 0 |
_gDigitalia eBook Collection: _aDykinson Editorial |
|
| 776 | 0 | 8 |
_iPrint version: _aSerra, Francisco. _tDerecho en la época constitucional. _dMadrid : Editorial Dykinson, S.L., [2013] _z9788490317556 |
| 830 | 0 |
_aColección Clásicos Dykinson. _pSerie Estudios. |
|
| 856 | 4 | 0 |
_3Digitalia Hispánica _uhttps://www.digitaliapublishing.com/a/28664/ |
| 910 | _aPremium collection: 2022 | ||
| 942 | _cRAA | ||
| 999 |
_c239261 _d239261 |
||